| 000 | 00357nam a2200145Ia 4500 | ||
|---|---|---|---|
| 008 | 150201s2003 xx 000 0 und d | ||
| 082 |
_a610 _bO2003C |
||
| 100 | _aOXFORD | ||
| 245 | _aOXFORD HANDBOOK OF CLINICAL SPECIALTIES | ||
| 250 | _a6TH | ||
| 260 |
_bOXFORD UNIVERSITY PRESS _aDELHI _c2003 |
||
| 300 | _a1-807 | ||
| 650 | _aMEDICINE | ||
| 942 |
_2ddc _cBK |
||
| 999 |
_c2652 _d2652 |
||